Statistics for NBA Five-by-Five

Click here to take the quiz!

General Stats

  • This quiz has been taken 76 times
    (31 since last reset)
  • The average score is 7 of 12

Answer Stats

Answer% Correct
Draymond Green
93%
Hakeem Olajuwon
93%
Victor Wembanyama
93%
Anthony Davis
90%
David Robinson
83%
Andrei Kirilenko
67%
Jusuf Nurkic
67%
Derrick Coleman
27%
Marcus Camby
23%
Vlade Divac
20%
Nicolas Batum
17%
Jamaal Tinsley
7%

Score Distribution

Percentile by Number Answered

Percent of People with Each Score

Your Score History

You have not taken this quiz since the last reset